| 000 | 00468nam a2200157Ia 4500 | ||
|---|---|---|---|
| 008 | 230312s9999||||xx |||||||||||||| ||und|| | ||
| 020 | _a0070632208 | ||
| 082 |
_a537.622 _bACH-F |
||
| 100 | _aAchuthan, M.K | ||
| 245 | 0 | _aFundamentals of semiconductor devices | |
| 260 |
_bTata mcGraw-Hill _aNew Delhi _c2008 |
||
| 300 | _a724 | ||
| 546 | _aEng. | ||
| 650 |
_aEngineering _vPN junction under forward and reverse bias, aC properities and devices, Photodio |
||
| 942 | _cBK | ||
| 999 |
_c1780 _d1780 |
||